| 000 | 00390nam a22001457a 4500 | ||
|---|---|---|---|
| 999 |
_c522783 _d522783 |
||
| 005 | 20190121123214.0 | ||
| 008 | 190121b ||||| |||| 00| 0 eng d | ||
| 040 | _cDLC | ||
| 082 |
_a658.155 _bTAN |
||
| 100 |
_aTan, Willie _913091 |
||
| 245 |
_aPrinciples of Project Infrastructure Finance / _cWillie Tan |
||
| 260 |
_aLondon : _b? , _c2007. |
||
| 300 |
_a380p. : _c25cm. |
||
| 942 |
_2ddc _cBK |
||